000 00477nam a22001817a 4500
005 20251108165513.0
008 250721s2001 xx 000 0 ara d
082 1 4 _a658.8/معل
100 1 _aمعلا، ناجي
245 1 0 _aالأصول العلمية للتسويق المصرفي /
250 _aط2
264 1 _aعمان :
_bالمؤلف،
_c2001.
300 _a408ص
650 1 7 _aالتسويق
650 1 7 _aالبنوك
942 _2ddc
_cBK
999 _c29458
_d29458